Statistics for Surprising football (soccer) results since the 2000s

Click here to take the quiz!

General Stats

  • This quiz has been taken 86 times
  • The average score is 16 of 20

Answer Stats

Year / SeasonCompetitionAchievementTeam nameSide note / hint% Correct
2022FIFA World CupDid not qualifyItalyWon the UEFA Euro the year before
100%
2018FIFA World CupOut in group stageGermanyWas the reigning champion
94%
2018FIFA World CupRunners-upCroatia
91%
2014FIFA World CupOut in group stageSpainWas the reigning champion
91%
2013-2014La LigaChampionAtletico MadridChampion was decided on the last matchday. Won against Barcelona at the Camp Nou
90%
2018-2019Premier LeagueRunners-upLiverpool97 points still wasn't enough to win
90%
2011-2012Premier LeagueChampionManchester CityWon on goal difference and a goal in the extra time in last game of the season. This was also their first time being champions
90%
2004UEFA EuroChampionGreeceWon the final against the host nation Portugal
89%
2015-2016Premier LeagueChampionLeicester CityOdds for this team being champions, were 5000-to-1 before the season started
87%
2018-2019UEFA Champions LeagueSemi-finalsAjaxConceded a goal against Tottenham in the last second of the second semi-final
86%
2020-2021Ligue 1ChampionLille
86%
2003-2004UEFA Champions LeagueChampionPortoMade manager Jose Mourinho call himself "The Special One"
84%
2016UEFA EuroQuarter-finalsIcelandThe first international tournament ever for this small football nation of only 300 000 citizens
81%
2016UEFA EuroDid not qualifyNetherlandsCame in the top 4 in both previous FIFA World Cups
81%
2014FIFA World CupQuarter-finalsCosta Rica1st in group stage ahead of Uruguay, Italy and England
73%
1999-2000La LigaChampionDeportivo de La CoruñaBarcelona, Real Madrid and Valencia were the three big favorites before the season
73%
2021-2022UEFA Champions LeagueSemi-finalsVillarrealQualified through the UEFA Europa League
71%
2011-2012Ligue 1ChampionMontpellier
61%
2017-2018UEFA Champions LeagueSemi-finalsRomaWasn't far away from beating Liverpool in the semi-finals
59%
2019AFC Asian CupChampionQatar
43%

Score Distribution

Percentile by Number Answered

Percent of People with Each Score

Your Score History

You have not taken this quiz